000 00332nam a2200145Ia 4500
005 20241024021839.0
008 240331s9999 xx 000 0 und d
082 _bAND
_a823
100 _aAnand, M.R
245 0 _aUntouchable
260 _aNew Delhi
_bArnold Publishers
_c1935
300 _a182 p.,
650 _aStories
942 _cL
999 _c3343
_d3343